Bộ hình luật

Sách giới thiệu hình luật tổng quát, các trọng tội và các khinh tội xâm phạm an ninh quốc gia, chính quyền và trật tự công cộng, trọng tội và khinh tội phạm đến nhân thân và tài sản, tội vi cảnh.

Na minha lista:
Detalhes bibliográficos
Formato: Livro
Idioma:Undetermined
Publicado em: Sài Gòn Tối cao pháp viện 1973
Assuntos:
Tags: Adicionar Tag
Sem tags, seja o primeiro a adicionar uma tag!
Thư viện lưu trữ: Trung tâm Học liệu Trường Đại học Cần Thơ
LEADER 00795nam a2200181Ia 4500
001 CTU_204766
008 210402s9999 xx 000 0 und d
082 |a 345.597 
082 |b B450 
245 0 |a Bộ hình luật 
245 0 |c Việt Nam Cộng hòa 
260 |a Sài Gòn 
260 |b Tối cao pháp viện 
260 |c 1973 
520 |a Sách giới thiệu hình luật tổng quát, các trọng tội và các khinh tội xâm phạm an ninh quốc gia, chính quyền và trật tự công cộng, trọng tội và khinh tội phạm đến nhân thân và tài sản, tội vi cảnh. 
650 |a Criminal law,Luật hình sự 
904 |i Hải 
980 |a Trung tâm Học liệu Trường Đại học Cần Thơ